zpět

Detail výsledku týmu

Organza, Liberec

Datum a čas kvízu

30.5 Celkem bodů Celkový počet nahraných bodů na tomto kvízu bez doplňovacích otázek.
3. Pořadí na kvízu Konečné umístění týmu na tomto kvízu.

Zaznamenané odpovědi

# Otázka Odpověď Body Výsledky
1. Ukrajinský prezident Volodymyr... klíč od Senátu, tričko 0.5
2. Parlament jednoho evropského s... Rakousko 1
3. Hlavní cenu na karlovarském fi... Bulharska 1
4. Jak se nazývá nová sociální sí... Threads 1
5. V pondělí začal v Londýně nejs... tenisté nemusí mít pouze bílou barvu dresů 0
6. Prověříme váš přehled o histor... C) Mácha a Purkyně 1
7. Co si myslíte, mohl vojevůdce... ne 0
8. Seřaďte tyto domácí události 2... 1C 2B 3D 4A 0
9. Která z těchto osobností se na... C 1
10. Která z následujících událostí... D 0